000 nam a22 7a 4500
999 _c8667
_d8667
008 180118b ||||| |||| 00| 0 eng d
100 _bBiswas
_95030
245 _aEnvironmental Studies
260 _aNew Delhi
_bViva Publication
_c2008